Intensive course in Sanskrit/ (Record no. 12187)

MARC details
000 -LEADER
fixed length control field 00672 a2200205 4500
010 ## - LIBRARY OF CONGRESS CONTROL NUMBER
LC control number ENG-90147
020 ## - INTERNATIONAL STANDARD BOOK NUMBER
Terms of availability 350.00
International Standard Book Number 817342102
035 ## - SYSTEM CONTROL NUMBER
System control number EN-73680
037 ## - SOURCE OF ACQUISITION
Source of stock number/acquisition DBAD / PUB
082 14 - DEWEY DECIMAL CLASSIFICATION NUMBER
Classification number 410
090 ## - LOCALLY ASSIGNED LC-TYPE CALL NUMBER (OCLC); LOCAL CALL NUMBER (OCLC)
-- 12547
-- 12547
245 1# - TITLE STATEMENT
Title Intensive course in Sanskrit/
Statement of responsibility, etc edited by O.N. Koul, K.P. Acharya [and] M.R. Ranganathan
260 ## - PUBLICATION, DISTRIBUTION, ETC. (IMPRINT)
Place of publication, distribution, etc Mysore
Name of publisher, distributor, etc Central Institute of Indian Languages
Date of publication, distribution, etc 2006
270 ## - ADDRESS
City Mysore
Postal code 570006
300 ## - PHYSICAL DESCRIPTION
Extent xxx, 550p.
Dimensions 24 cm (Hb )
700 1# - ADDED ENTRY--PERSONAL NAME
Personal name Acharya, K.P.
700 1# - ADDED ENTRY--PERSONAL NAME
Personal name Ranganatha, M.R.
942 ## - ADDED ENTRY ELEMENTS (KOHA)
Institution code [OBSOLETE] dpl
Koha item type English Books
Call number prefix 410 / INT
Holdings
Withdrawn status Lost status Source of classification or shelving scheme Damaged status Not for loan Collection code Home library Current library Source of acquisition Cost, normal purchase price Total Checkouts Full call number Barcode Date last seen Copy number Uniform Resource Identifier Cost, replacement price Price effective from Koha item type
    Dewey Decimal Classification   Not For Loan Non-fiction D.B.Act.Division D.B.Act.Division DBAD/PUB 350.00   410 INT EN-73680 15/09/2008 1 13351 350.00 15/09/2008 English Books

© Delhi Public Library
Hit Counter
free hit counter